| 000 | 02116naa a2200337Ia 4500 | ||
|---|---|---|---|
| 003 | OSt | ||
| 005 | 20260413135330.0 | ||
| 008 | 260413s2013 xx 000 0 und d | ||
| 040 |
_aFoundation University _beng _cFoundation University _erda |
||
| 050 |
_aCoA (AnSci-TH) LG 221 D35 A37 _bA5 A38 2010 C33 |
||
| 099 | _a1045 | ||
| 100 |
_aCacaldo, Jovelo B. _92007 _eauthor. |
||
| 245 | 1 | 0 |
_aEffects of lighting system on growth performances of broiler chicken (Gallus gallus domesticus) / _cby Jovelo B. Cacaldo |
| 264 |
_aDumaguete City _bFoundation Uiniversity, _c2010. _42010. |
||
| 300 |
_axi, 36 leaves : _bill. (some color.) ; _c28 cm _3volume _fresources |
||
| 336 |
_2rdacontent _atext _btxt |
||
| 337 |
_2rdamedia _aunmediated _bn |
||
| 338 |
_3rdacarrier _avolume _bnc |
||
| 500 | _aA study on the effects of different lighting systems on broiler growth performance. | ||
| 502 | _aUndergraduate thesis (BS in Agriculture Major in Animal Science) -- Foundation University, 2010. | ||
| 504 | _aIncludes bibliographical references appendices. | ||
| 520 | _aThis study evaluates the effects of lighting systems on the growth performance of broiler chickens (Gallus gallus domesticus). It examines how different lighting conditions influence growth rate, feed intake, feed conversion efficiency, and overall productivity. The research aims to determine the most effective lighting system for optimizing broiler production while ensuring proper animal welfare. The findings provide valuable insights for improving poultry management practices and enhancing production efficiency. | ||
| 650 |
_aBroilers (Chickens) _xGrowth. _915423 |
||
| 650 |
_aPoultry _xHousing. _915424 |
||
| 650 |
_aAnimal production. _914407 |
||
| 650 |
_aLighting _xPhysiological effect. _915431 |
||
| 650 |
_aAgriculture _xAnimal culture. _915432 |
||
| 650 |
_aInternship programs _xPhilippines. _915433 |
||
| 658 |
_aThesis 3 (Manuscript and Defense) : _bAgriculture Major in Animal Science, Bachelor of Science in ; _cCSC402. |
||
| 942 |
_2lcc _cTH _hLG 221 D35 A37 _iA5 A38 2010 C33 _kCoA (AnSci-TH) |
||
| 999 |
_c5737 _d5737 |
||